000 00819nas a2200265 4500
001 BR9200535
003 BR-BrBNA
005 20231205092253.0
007 ta
008 230509b bl.|||p| |||| 00| 00por d
040 _aBR-BrBNA
_bpor
_cBiblioteca Nacional de Agricultura
041 _a(Pt)
072 _aF70; Q01
100 1 _aSilva, J.L.O.
100 1 _aCalbo, A.G.
100 1 _aHenz, G.P.
245 1 _aClassificacao e beneficiamento de hortalicas
650 _aHORTALICA
650 _aCOMERCIALIZACAO
650 _aTECNOLOGIA DE ALIMENTO
650 _aCLASSIFICACAO DE PRODUTO
773 0 _tInforme Agropecuario - Empresa de Pesquisa Agropecuaria de Minas Gerais (Brazil)
_xISSN 0100-3364
_g(1991), v. 15(169) p. 48-53
_wBR9200535
909 _a202311
_bLúcia
_c55
_dLúcia Elande
942 _2AGRIS
_n0
_cANA
999 _c130563
_d130563